000 00457nam a2200181Ia 4500
001 8171
005 20260306160549.0
008 260306t1994||||xx |||||||||||||| ||spa||
041 _aESP
082 _a370.115
_bQ62
100 _aQuintana Cabanas, José María
_eAUT
245 0 _aEducación social:
_bantología de textos clásicos
260 _c1994
300 _a190 páginas :
_c21 cm.
650 _aGEN
654 _aCED
942 _cLIB
_dJUS
_fJUS
_2ddc
_n
999 _c8171
_d8171